000 00401nam a2200181Ia 4500
001 15201
005 20260306165010.0
008 260306t2009||||xx |||||||||||||| ||spa||
041 _aESP
082 _a530
_bY76 V. 1 2009
100 _aYoung, Hugh D.
_eAUT
245 0 _aFĂ­sica universitaria
260 _c2009
300 _a
_c
650 _aGEN
654 _aCCN
942 _cLIB
_dJUS
_fJUS
_2ddc
_n
999 _c15201
_d15201